000 00641nam a2200229Ia 4500
003 OSt
005 20220923214600.0
006 a|||||r|||| 00| 0
007 ta
008 220922b |||||||| |||| 00| 0 hin d
024 _a171,058
037 _cTextual
040 _aARTS
_cARTS
_bhin
041 _2hin
_ahin
082 _aO152:3N14x, J8
100 _aगुप्त, मोहनलाल
_9156279
245 0 _aचिरकुमारी सभा
246 _aChirakumārī sabhā
260 _c1958
942 _hO152:3N14x, J8
_cTEXL
_2CC
999 _c325283
_d325283